000 004390000a22001690004500
003 MACL
005 20160108121530.0
008 160108b xxu||||| |||| 00| 0 eng d
040 _aMACL
_cMACL
041 _aEnglish
082 _a910/STA
100 _aStamp, L Dudley
_929520
245 _aA Regional Geography Europe And The Mediterranean
260 _bLongmans
_c1960
_aLondon
650 _aGeography
_929521
942 _cBK
_k910/Sta
_2ddc
999 _c35587
_d35587